000 00714nam a2200229Ia 4500
005 20230704220422.0
008 230608t2002||||xx |||||||||||||| ||und||
040 _aODONTO
_bspa
_cODONTO
_dODONTO
041 _aing
082 _a617.692 A239
100 1 _aAdolfi, Dario
_94924
245 0 _aNatural esthetics /
_cDarío Adolfi ; tr. Carlos dos Reis.--
260 _aSao Paulo :
_bQuintessence,
_c2002.
300 _aix 118 p. :
_bil. ;
_c31 cm.
500 _aTítulo en Portugués : A estética natural
650 0 2 _aOdontología estética
_91482
650 0 2 _aMateriales dentales
_9757
650 0 2 _aImplantes dentarios
_91305
650 0 2 _aColor en Odontología
_91828
942 _2ddc
_cBK
_n0
999 _c1702
_d1702